00380nam a2200157Ia 4500008004000000020001800040041000800058082001500066100002100081245003000102260003900132300001300171650001300184650001500197650001000212210210b2011 xxu||||| |||| 00| 0 eng d a9789380856735 aeng a658.3 SINH aSINGH (Narendar) aHuman resource management aBangalorebUniversity Pressc2011 axvii,653 aresource amanagement aHuman